000 00516nam a2200181 a 4500
001 3959
005 20140414131913.0
008 040719s19uu xx 00 eng d
020 _a0-7333-0990-9
050 _aER
_bD65 1999
245 _aDorothy the dinosaur and the magic shell /
_cpictures by Jonathan Bentley.
260 _aSydney, Australia :
_bABC Books,
_c1999.
300 _a1 v. p. : ill. ; cm.
440 _aThe Wiggles
650 _aDinosaur
_xFiction.
650 _aChildren stories.
999 _c111294
_d111294